North Atlantic/Arctic Geography - Statistics

General Stats
  • This quiz has been taken 10 times
  • The average score is 9 of 20
Answer Stats
Hint Answer % Correct
Which country does Svalbard belong to? Norway
100%
Which U.S. State borders the Arctic Ocean? Alaska
88%
What is the largest island in the Arctic Ocean? Greenland
88%
This capital city, previously known as Godthab, lies on the west coast of Greenland. Nuuk
88%
This famous strait, also sharing its name with a sea nearby, lies between Alaska and Russia. Bering Strait
75%
Which strait, that share its name with a European country, lies between Iceland and Greenland? Denmark Strait
75%
Which island famous for its volcanoes, is known as the Land of Fire and Ice? Iceland
75%
This gulf that lies between Sweden and Finland is famous for its variety of fish. Gulf of Bothnia
63%
Which bay that shares its name with a Canadian island lies between Canada and Greenland? Baffin Bay
50%
Which sea lies between Iceland and Norway? Norwegian Sea
38%
What is the capital of the Faroe Islands? Tórshavn
38%
What island is this city on? Ellesmere Island
25%
This city, home to the Alyosha Monument, is the largest city north of the Arctic Circle. Murmansk
25%
This sea borders at least 4 seas and is divided between Russia and Norway. Barents Sea
13%
This island, named after a famous inventor, is one of Russia's northernmost islands. Graham Bell Island
13%
What is the tallest mountain north of the Arctic Circle, standing at about 12000 ft above sea level? Gunnbjorn Fjeld
13%
Which flower, commonly known as the broad-leaf fireweed, is the national flower of Greenland? Niviarsiaq
13%
This Arctic island is named after Russia's revolution to become a communist country. October Revolution Island
13%
Which city in this state, home to the Iñupiaq, changed its name from Barrow to a Native name in 2016? Utqiagvik
13%
What is the northernmost human settlement in the world? Alert
0%
No matching quizzes found
Score Distribution
Percent of People with Each Score
Percentile by Number Answered
Your Score History
You have not taken this quiz